[Event "Moscow Open RSSU Cup 2019"]
[Site "Moscow"]
[Date "2019.01.27"]
[Round "2"]
[White "Pogosian, Manvel"]
[Black "Sjugirov, Sanan"]
[Result "0-1"]
[WhiteElo "2394"]
[BlackElo "2663"]
[Annotator "TA"]
[PlyCount "70"]
[EventDate "2019.01.26"]
[EventType "swiss"]
[EventCountry "RUS"]
[SourceTitle "playchess.com"]
[Source "ChessBase"]
[SourceQuality "1"]

{[%evp 23,70,-5,0,-33,-24,-28,-8,-9,0,0,-7,-34,-44,-35,-47,-42,-35,-49,-59,-52,-33,-84,-74,-128,-106,-142,-81,-172,-167,-409,-408,-489,-489,-531,-535,-610,-608,-984,-988,-991,-992,-983,-981,-932,-847,-839,-831,-789,-738]} 1. d4 Nf6 2. Nf3 g6 3. c4 Bg7 4. g3 O-O 5. Bg2 d5 6. cxd5 Nxd5 7. O-O Nb6 8. Nc3 Nc6 {[%cal Bb8c6,Bc6a5,Ba5c4][%mdl 32]} 9. e3 Re8 10. Ne1 e5 11. d5 Na5 12. e4 c6 {LiveBook: 36 Games} 13. Nd3 {D76: Fianchetto Grünfeld: Main Line with 7...Nb6} (13. Nc2 cxd5 14. exd5 Bd7 15. b3 f5 16. Ba3 e4 17. Nd4 Rc8 18. Rc1 Nac4 19. bxc4 Nxc4 20. Nb1 Qb6 21. Rxc4 Rxc4 22. Nb3 {½-½ (42) Ju,W (2559)-Muzychuk,M (2530) Tromsoe 2014}) 13... cxd5 14. Nxd5 Nxd5 15. exd5 {The position is equal.} Nc4 $146 ({Predecessor:} 15... e4 16. Nc5 f5 17. d6 Re5 18. Qa4 Rxc5 {0-1 (18) Rattay,W (1723)-Grego,L (1977) LSS email 2008}) 16. Qb3 Nd6 17. Bd2 e4 18. Nf4 Bd7 19. Rfe1 a5 {[%cal Ba7a5,Ba5a4][%mdl 32]} 20. Bc3 Bxc3 21. Qxc3 Rc8 (21... Qb6 {is more complex.} 22. b3 Rac8 23. Qd2 Qb4 24. Qb2 Rc3) 22. Qb3 (22. Qd4 $15) 22... b5 23. Rad1 ({White should play} 23. Rac1) 23... a4 $36 {[%mdl 2048] Keeping White busy.} 24. Qb4 Qb6 (24... Bg4 $142 25. Rc1 Rxc1 26. Rxc1 g5) 25. Re3 {[#]} (25. Qd2 $17) 25... Rc2 $1 $19 26. Re2 $2 (26. Rf1) 26... Rc4 27. Qe1 Bg4 {[%mdl 64] Skewer. Black is clearly winning.} 28. Bf1 Bxe2 29. Bxe2 Rc2 30. Qb4 g5 31. Nh5 Rxe2 32. Nf6+ Kh8 33. Rf1 Rc8 {[#] aiming for ...Rcc2.} 34. Nd7 Rc4 35. Qxc4 Nxc4 {Accuracy: White = 23%, Black = 87%.} (35... bxc4 $2 36. Nxb6 Rxb2 {[%mdl 64] Double Attack} 37. Nxa4 $19) 0-1

[Event "Moscow Open RSSU Cup 2019"]
[Site "Moscow"]
[Date "2019.01.27"]
[Round "2"]
[White "Tsoi, Dmitry"]
[Black "Ponkratov, Pavel"]
[Result "0-1"]
[WhiteElo "2392"]
[BlackElo "2630"]
[Annotator "TA"]
[PlyCount "118"]
[EventDate "2019.01.26"]
[EventType "swiss"]
[EventCountry "RUS"]
[SourceTitle "playchess.com"]
[Source "ChessBase"]
[SourceQuality "1"]

{[%evp 13,118,6,16,7,11,13,25,16,20,23,70,43,113,110,89,12,2,5,29,20,21,0,18,18,16,16,17,19,29,20,48,9,20,0,0,0,0,0,0,-7,0,-14,-6,-25,-19,-18,-18,-34,0,-35,-35,-72,-7,-85,-69,-96,-100,-182,-173,-178,-173,-217,-225,-341,-335,-325,-314,-335,-312,-305,-314,-535,-531,-520,-508,-500,-507,-564,-305,-297,0,-577,-573,-656,-650,-655,-651,-641,-622,-667,-649,-660,-669,-656,-593,-581,-579,-564,-566,-560,-542,-723,-691,-814,-797,-29993,-29994]} 1. c4 Nf6 2. g3 g6 3. Bg2 Bg7 4. Nc3 O-O 5. Nf3 Nc6 6. O-O Rb8 {A16: English Opening: 1...Nf6 with ...d5} (6... a6 7. Rb1 Rb8 8. b4 b5 9. cxb5 axb5 10. a4 Na7 11. d3 Ne8 12. Qc2 bxa4 13. Be3 Nb5 14. Nxb5 Rxb5 {0-1 (67) Nepomniachtchi,I (2751)-Aronian,L (2789) chess.com INT 2017}) 7. d3 a6 {LiveBook: 8 Games} 8. Bg5 b5 {The position is equal.} 9. Qd2 d6 10. Nd5 $146 ({Predecessor:} 10. Rac1 bxc4 11. dxc4 Bb7 12. Rfd1 Nd7 13. Nd5 Nc5 14. Ne1 {0-1 (76) Pribyl,J (2310)-Bernadskiy,V (2462) Prague 2012}) 10... Bb7 11. Rac1 Qd7 12. Bxf6 exf6 (12... Bxf6 $14 13. Nxf6+ exf6) 13. cxb5 $16 axb5 14. e3 (14. Rc2 $16) 14... Rfc8 $11 15. d4 Ra8 16. b3 Nd8 17. Ne1 {[%cal Bf3e1,Be1d3,Bd3e5][%mdl 32]} Ra7 18. Nd3 Bxd5 19. Bxd5 c6 20. Bg2 f5 21. Rc2 Bf8 22. Rfc1 d5 23. Ne5 Qe6 24. h4 Ba3 25. Rd1 Bd6 26. Nd3 Rca8 27. h5 Ra6 28. Qe2 Qe7 29. Rdd2 Kg7 30. Qd1 R8a7 31. Bf3 Ne6 32. Re2 Qg5 (32... Ng5 $17 33. Red2 Qb7) 33. Kh2 (33. Qc1 $11 {keeps the balance.}) 33... gxh5 $17 {[%cal Bg6h5,Bh5h4][%mdl 32]} 34. Nf4 h4 35. Qf1 (35. Qc1 $17 {was worth a try.}) 35... Bxf4 $19 36. gxf4 {[#]} Nxf4 $1 {[%mdl 512]} 37. exf4 Qxf4+ {[%mdl 64] Double Attack} 38. Kh1 (38. Kg2 $142 h3+ 39. Kg1 Qxf3 40. Re3 h2+ {[%mdl 64] Decoy} 41. Kxh2 Qf4+ {[%mdl 64] Double Attack} 42. Rg3+ Kf8 43. Qc1 Qxc1 44. Rxc1) 38... Qxf3+ 39. Qg2+ Qxg2+ 40. Kxg2 {[%mdl 4096] Endgame KRR-KRR} Kf6 41. f4 Ra8 42. Kf3 $2 (42. Kh3) 42... Rg8 43. Rg2 Rg6 44. Rcd2 b4 45. Rc2 Ke7 46. Rg5 Kf6 47. Rgg2 h6 48. Rce2 Ra8 49. Rc2 Ke7 50. Rh2 Rg3+ 51. Kf2 Rg4 52. Kf3 Kd7 53. Rce2 f6 54. Rh1 Rag8 55. Reh2 Rg3+ 56. Kf2 R8g4 57. Rxh4 Rg2+ 58. Ke1 Rxa2 {[#] ( -> ...Rgg2)} 59. Rxh6 Rgg2 {Accuracy: White = 43%, Black = 66%.} 0-1

[Event "Moscow Open RSSU Cup 2019"]
[Site "Moscow"]
[Date "2019.01.27"]
[Round "2"]
[White "Schekachikhin, Maksim"]
[Black "Goganov, Aleksey"]
[Result "0-1"]
[WhiteElo "2391"]
[BlackElo "2612"]
[Annotator "TA"]
[PlyCount "129"]
[EventDate "2019.01.26"]
[EventType "swiss"]
[EventCountry "RUS"]
[SourceTitle "playchess.com"]
[Source "ChessBase"]
[SourceQuality "1"]

{[%evp 14,129,-25,-29,13,-11,-15,-14,-21,-37,-20,-54,-41,-63,-37,-36,-20,-16,0,-63,-62,-84,-79,-132,-132,-121,-129,-150,-143,-146,-137,-156,-162,-173,-136,-187,-108,-197,-186,-202,-191,-204,-198,-209,-192,-191,-192,-174,-172,-229,-209,-196,-209,-207,-195,-189,-177,-180,-194,-180,-193,-191,-185,-187,-192,-190,-179,-232,-225,-269,-258,-254,-258,-256,-223,-229,-194,-208,-220,-299,-310,-317,-302,-290,-264,-256,-234,-989,-971,-936,-914,-1704,-1387,-1841,-1769,-1645,-592,-591,-1563,-1602,-1589,-1555,-1461,-29963,-29964,-29963,-29961,-29960,-29961,-29961,-29960,-29958,-29959,-29968,-29968,-29968,-29972,-29975]} 1. d4 d5 2. c4 c6 3. Nf3 Nf6 4. Nc3 dxc4 5. e4 b5 6. Be2 {D15: Slav Defence: 4 Nc3 a6 and gambit lines after 4 Nc3 dxc4} e6 7. O-O Bb7 (7... Be7 8. a4 b4 9. e5 bxc3 10. exf6 Bxf6 11. bxc3 Ba6 12. Ne5 Bxe5 13. dxe5 Qxd1 14. Rxd1 {1-0 (27) Adhiban,B (2650)-Rapport,R (2715) Reykjavik 2018}) 8. b3 {LiveBook: 11 Games. Black has an edge.} cxb3 9. Qxb3 $146 ({Predecessor:} 9. d5 exd5 10. exd5 Nxd5 11. Nxd5 Qxd5 12. Qxd5 cxd5 13. Bxb5+ Bc6 {1-0 (43) Polivanov,A (2383)-Berzina,I (2211) Katowice 2017}) 9... Be7 10. Rd1 O-O 11. Bg5 h6 12. Bh4 Nbd7 13. Rac1 a6 14. a4 Rb8 15. e5 Nd5 16. Bxe7 (16. Nxd5 $1 $11 exd5 17. Bg3) 16... Qxe7 17. Ne4 Qb4 $36 {[%mdl 2048] Black is in control.} 18. Qc2 ({Better is} 18. Qd3) 18... Qxa4 $17 19. Qxa4 bxa4 20. Nc5 Nxc5 21. Rxc5 Ba8 22. Ra1 Rb4 23. Ra5 Rfb8 {Hoping for ...Rb1+.} 24. Bxa6 (24. Bf1 $17 {is a better defense.}) 24... Bb7 (24... Rb1+ $19 25. Rxb1 Rxb1+ 26. Bf1 Bb7) 25. Bd3 (25. Bf1 $17) 25... Ra8 $1 $19 {[%cal Ra8a5]} 26. Rxa8+ Bxa8 27. Bc2 {[#]} Nb6 $1 28. Kf1 Bb7 29. Ke1 Ba6 30. Kd2 Bb5 31. Kc1 (31. Rb1 $142 Rxb1 32. Bxb1) 31... Bf1 32. g3 Be2 33. Ng1 Bc4 34. Rb1 Bb3 35. Bxb3 axb3 {[%mdl 4096] Endgame KRN-KRN} ({Not} 35... Rxb3 36. Rxb3 axb3 37. Kb2 $11) 36. Kb2 Rxd4 37. Kxb3 {Threatens to win with Kc3.} Nd5 38. Kc2 Nb4+ 39. Kc3 c5 {[%cal Bc6c5,Bc5c4,Bc4c3][%mdl 32]} 40. Ra1 (40. Ne2 $142 Re4 41. Nc1) 40... g5 41. Ra5 Nd5+ 42. Kc2 c4 43. Nf3 Rd3 44. Ne1 Rb3 45. Rc5 Rb4 46. Ng2 c3 47. Kd3 Rb2 48. Ne3 Rxf2 49. Nxd5 exd5 {KR-KR} 50. h4 $2 (50. Rxc3 Rxh2 51. Rb3) 50... Rf3+ 51. Kd4 Rxg3 52. hxg5 hxg5 53. Kxd5 Kg7 54. Ke4 Kg6 55. Rc6+ Kh5 56. Rc7 Rg1 57. Rxc3 Re1+ 58. Kf5 Rf1+ {Black mates.} 59. Ke4 g4 {[%cal Bg5g4,Bg4g3,Bg3g2][%mdl 32]} 60. Rc8 g3 61. Rg8 {[#]} Kh4 $1 {[%cal Rh4h3]} 62. Ke3 Kh3 63. Ke2 Rf5 64. Ke3 g2 65. Kd4 {Accuracy: White = 36%, Black = 87%.} 0-1

[Event "Moscow Open RSSU Cup 2019"]
[Site "Moscow"]
[Date "2019.01.27"]
[Round "2"]
[White "Kardashevskiy, Evgeny"]
[Black "Timofeev, Artyom"]
[Result "1/2-1/2"]
[WhiteElo "2382"]
[BlackElo "2592"]
[Annotator "TA"]
[PlyCount "44"]
[EventDate "2019.01.26"]
[EventType "swiss"]
[EventCountry "RUS"]
[SourceTitle "playchess.com"]
[Source "ChessBase"]
[SourceQuality "1"]

{[%evp 10,44,10,0,0,-4,0,0,0,0,0,2,11,10,17,10,20,27,14,25,25,19,25,13,16,12,24,20,15,0,0,0,20,0,0,0,19]} 1. d4 d5 2. Nf3 $146 (2. c4 c6 3. Nf3 {½-½ (36) Radjabov,T (2741)-Rapport,R (2692) Palma de Mallorca 2017}) ({Predecessor:} 2. c4 c6 3. Nf3 {0-1 (16) Khruschiov,A-Ketelhoehn,B (2349) ICCF email 2014}) 2... e6 3. c4 c6 4. Bg5 Be7 5. Bxe7 Qxe7 6. Nbd2 Nf6 {D30: Queen's Gambit Declined: Systems without Nc3} 7. g3 b6 (7... O-O 8. Bg2 b6 9. O-O {½-½ (36) Radjabov,T (2741)-Rapport,R (2692) Palma de Mallorca 2017}) ({Predecessor:} 7... O-O 8. Bg2 b6 9. Ne5 Bb7 10. Rc1 Nbd7 11. Nxd7 Qxd7 {0-1 (16) Khruschiov,A-Ketelhoehn,B (2349) ICCF email 2014}) 8. Bg2 Bb7 9. O-O O-O 10. Ne5 Nbd7 11. Nxd7 Qxd7 (11... Nxd7 12. Rc1 Rfd8 13. Qb3 Rab8 14. Rfd1 {½-½ (36) Radjabov,T (2741)-Rapport,R (2692) Palma de Mallorca 2017}) 12. Rc1 Rfd8 ({Predecessor:} 12... Rfc8 13. Re1 h6 14. c5 Qc7 15. e4 a5 16. e5 Nd7 {0-1 (16) Khruschiov,A-Ketelhoehn,B (2349) ICCF email 2014}) 13. Qb3 c5 14. dxc5 dxc4 15. Nxc4 Bxg2 16. Kxg2 Qd5+ 17. Qf3 Qxc5 18. Rfd1 Rab8 {[#] Strongly threatening ...Rxd1.The position is equal.} 19. Nd6 Qe5 20. Nc4 Qc5 {Threatens to win with ...Rxd1.} 21. Nd6 Qe5 22. Nc4 Qc5 {Accuracy: White = 91%, Black = 80%.} 1/2-1/2

[Event "Moscow Open RSSU Cup 2019"]
[Site "Moscow"]
[Date "2019.01.27"]
[Round "2"]
[White "Barseghyan, Armen Ar."]
[Black "Pridorozhni, Aleksei"]
[Result "0-1"]
[WhiteElo "2380"]
[BlackElo "2568"]
[Annotator "TA"]
[PlyCount "120"]
[EventDate "2019.01.26"]
[EventType "swiss"]
[EventCountry "RUS"]
[SourceTitle "playchess.com"]
[Source "ChessBase"]
[SourceQuality "1"]

{[%evp 10,120,9,0,22,34,20,16,16,27,79,71,64,55,62,18,25,9,12,-21,-21,-20,-20,-14,-22,-75,-75,-62,-53,-58,-57,-46,-47,-45,-38,-56,-52,-52,-43,-84,-86,-91,-95,-124,-116,-131,-121,-124,-99,-85,-85,-106,-102,-112,-107,-93,-112,-148,-134,-146,-149,-143,-156,-157,-157,-161,-163,-158,-157,-164,-164,-164,-164,-164,-164,-164,-162,-164,-154,-169,-163,-165,-131,-129,-131,-262,-254,-292,-280,-254,-221,-231,-239,-238,-230,-291,-281,-249,-252,-317,-310,-292,-302,-294,-287,-415,-393,-669,-666,-857,-857,-742,-742]} 1. e4 c5 2. Nc3 Nc6 3. Bb5 Nd4 4. Nf3 Nxb5 5. Nxb5 d6 6. d4 a6 {B23: Closed Sicilian: Lines without g3} (6... Nf6 7. Qd3 a6 8. Nc3 cxd4 9. Nxd4 e5 10. Nf5 Bxf5 11. exf5 h6 12. Bd2 Be7 13. O-O-O O-O 14. g4 {1-0 (38) Rapport,R (2719)-Nihal,S (2556) Abu Dhabi 2018}) 7. Nc3 cxd4 8. Qxd4 e5 {The position is equal.} 9. Qb4 h6 $146 {[#]} (9... Rb8 $11) ({Predecessor:} 9... Ne7 10. O-O Nc6 11. Qa3 Be7 12. Nd5 O-O 13. Be3 f5 14. Bb6 {1-0 (31) Hendrickson,N (2168)-Greeuw,S (1949) Helsingor 2014}) 10. Be3 $1 $16 Nf6 11. Bb6 Qe7 $1 12. Rd1 Be6 13. O-O Qd7 14. Qa5 {Nxe5! is the strong threat.} Qc6 15. Nd5 Bxd5 16. exd5 Qb5 17. Nh4 (17. Nd2 $1 $11 {was the only way to keep the balance.}) 17... Nd7 $17 18. Bc7 Qxa5 19. Bxa5 g6 20. f4 Be7 $36 {[%mdl 2048] Black is pushing.} 21. Nf3 O-O 22. fxe5 dxe5 23. d6 Bd8 24. Bxd8 Rfxd8 25. Rfe1 f6 26. g4 Rac8 27. Re2 Nc5 28. h4 g5 29. hxg5 hxg5 30. Nxe5 fxe5 31. Rxe5 Nd7 32. Rxg5+ Kf7 33. c3 Rg8 34. Rf5+ Ke6 35. Rf4 Ne5 36. Re1 Rg5 37. Kg2 Rcg8 38. Kh3 Kxd6 {[%cal Re5g4]} 39. Rd4+ Kc7 {[%cal Re5g4]} 40. Ree4 Nc6 41. Rd2 Ra5 42. a3 Rag5 43. Kg3 R5g7 44. c4 Rh8 45. b4 Rh1 46. b5 Nb8 47. a4 (47. Re6 $17 {was called for.} Rb1 48. a4) 47... Rg1+ 48. Kf3 Rf7+ 49. Ke2 Rg2+ 50. Kd1 Rxd2+ 51. Kxd2 $19 {[%mdl 4096] Endgame [#] KRN-KR} a5 $1 52. c5 Nd7 53. Rc4 Rg7 54. c6 Nb6 55. Rf4 bxc6 56. bxc6 Kxc6 57. Kc2 (57. Ke2 {is the only way for White.}) 57... Kc5 58. Kb3 $2 (58. Kd3) 58... Rg5 {Black is clearly winning.} 59. Re4 Kd5 60. Rf4 Ke5 {Accuracy: White = 40%, Black = 84%.} 0-1

[Event "Moscow Open RSSU Cup 2019"]
[Site "Moscow"]
[Date "2019.01.27"]
[Round "2"]
[White "Murtazin, Bulat"]
[Black "Tsydypov, Zhamsaran"]
[Result "0-1"]
[WhiteElo "2373"]
[BlackElo "2545"]
[Annotator "TA RC"]
[PlyCount "74"]
[EventDate "2019.01.26"]
[EventType "swiss"]
[EventCountry "RUS"]
[SourceTitle "playchess.com"]
[Source "ChessBase"]
[SourceQuality "1"]

{[%evp 31,74,0,0,0,0,0,0,0,60,26,40,58,73,0,16,0,1,7,25,26,23,21,22,20,27,-74,-75,-87,-95,-123,-110,-147,-131,-146,-143,-114,-84,-118,-115,-1215,-1132,-1118,-1183,-1000,-879]} 1. d4 d5 2. c4 e6 3. Nc3 c6 4. Nf3 dxc4 5. a4 Bb4 6. e3 b5 7. Bd2 a5 8. axb5 Bxc3 9. Bxc3 cxb5 10. b3 Bb7 11. bxc4 b4 12. Bb2 Nf6 13. Bd3 O-O 14. O-O Nbd7 15. Nd2 Qc7 16. Bc2 {D31: Queen's Gambit Declined: Semi-Slav without ...Nf6 (+ Marshall Gambit and Noteboom) and Exchange Variation lines without ...Nf6} (16. f4 a4 17. Rb1 Rfd8 18. Qe2 b3 19. Ba1 Nf8 20. e4 N6d7 21. Kh1 Re8 22. Qg4 Ng6 23. Qg3 Rad8 {½-½ (47) Andreikin,D (2737)-Tomashevsky,E (2716) Tbilisi 2015 CBM 165 [Krasenkow,M]}) 16... Rfd8 {LiveBook: 6 Games} 17. Re1 e5 18. f3 {The position is equal.} Nb6 19. c5 Nbd5 ({Better is} 19... Nbd7 $11) 20. Nc4 $14 ({Not} 20. dxe5 Nc3 $17) 20... exd4 21. Qxd4 $146 ({Predecessor:} 21. exd4 Nf4 22. Nd6 Bd5 23. Bb3 Rxd6 24. cxd6 Qxd6 {0-1 (34) Murtazin,B (2342)-Potkin,V (2605) Sochi 2015}) 21... h5 22. Kh1 (22. Ba4 $16) 22... a4 $1 $11 23. e4 Nf4 24. Qe3 {Hoping for Be5.} Nd7 25. Bxa4 Nxc5 26. Be5 Qe7 27. Qxf4 {Black must now prevent Bd6.} Nxa4 28. Bd6 (28. Ne3 $11 f6 29. Bc7) 28... Qe6 $17 29. e5 b3 $1 {[%cal Bb4b3,Bb3b2][%mdl 32]} 30. Ne3 {[#]} b2 $1 {[%cal Rb2a1]} 31. Rxa4 {[#] Threatens to win with Rd1.} Qb3 $1 32. Qb4 Qxa4 33. Qxb2 ({But not} 33. Qxb7 $2 Qa1 $19) 33... Qh4 34. Rc1 Qf4 $40 {[%mdl 128] Black has strong attack.} 35. Nc4 $2 {[%mdl 8192] [#]} (35. Re1 $17) 35... Ra2 $1 $19 {[%mdl 512] Black is clearly winning.} 36. Qc3 (36. Qxa2 Qxc1#) 36... Rc8 {( -> ...Rxc4!)} 37. e6 {[#]} Qxc4 $1 {[%mdl 512] Precision: White = 45%, Black = 78%.} 0-1

[Event "Moscow Open RSSU Cup 2019"]
[Site "Moscow"]
[Date "2019.01.27"]
[Round "2"]
[White "Savenkov, Konstantin"]
[Black "Iljiushenok, Ilia"]
[Result "0-1"]
[WhiteElo "2369"]
[BlackElo "2533"]
[Annotator "TA"]
[PlyCount "76"]
[EventDate "2019.01.26"]
[EventType "swiss"]
[EventCountry "RUS"]
[SourceTitle "playchess.com"]
[Source "ChessBase"]
[SourceQuality "1"]

{[%evp 21,76,5,0,15,31,16,23,-30,-23,-27,-31,-60,-25,-18,-14,-29,-16,-39,-31,-43,-24,-67,-45,-45,-46,-45,-37,-42,-43,-51,-35,-33,-35,-35,-43,-34,-34,-33,-41,-45,-45,-31,-37,-37,-37,-50,-41,-68,-82,-219,-227,-186,-207,-227,-217,-666,-666]} 1. e4 c6 2. d4 d5 3. Nd2 dxe4 4. Nxe4 Bf5 5. Ng3 Bg6 6. N1e2 e6 7. h4 h6 8. Nf4 Bh7 9. Bc4 Nf6 10. Qe2 Bd6 11. Ngh5 O-O {LiveBook: 12 Games. B18: Classical Caro-Kann: 4...Bf5 sidelines} 12. g4 (12. Be3 Nbd7 13. O-O-O Bxf4 14. Bxf4 Nxh5 15. Qxh5 Nf6 16. Qe2 b5 17. Bd3 Qd5 18. Kb1 Bxd3 19. Qxd3 Rfd8 20. f3 c5 21. Qxb5 cxd4 22. Qxd5 Rxd5 {1-0 (40) Bartel,M (2613)-Ferguson,M (2387) Tromsoe 2010}) 12... Bxf4 13. Nxf4 {Hoping for g5.} Qxd4 {The position is equal.} 14. c3 $146 (14. g5 $142 hxg5 15. hxg5) ({Predecessor:} 14. O-O Nd5 15. Bxd5 cxd5 16. c3 Qf6 17. Ng2 Nc6 18. g5 hxg5 19. hxg5 {0-1 (40) Aracri,M-Bonaldi,P La Falda 1984}) 14... Qe4 $11 15. f3 Qxe2+ 16. Kxe2 Nd5 17. g5 hxg5 18. hxg5 Nd7 19. Bd2 Ne5 20. Bb3 $1 Bf5 21. Rh2 Nxf4+ 22. Bxf4 Ng6 23. Bd6 Rfd8 24. Rd1 Rd7 25. c4 Rad8 26. c5 b6 27. Ke3 bxc5 28. Rhd2 {[#]} c4 $1 29. Bxc4 {[#]} Bc2 $1 $36 {[%mdl 2560] Black has the initiative.} 30. Rxc2 {And now Rcd2 would win.} Rxd6 31. Rxd6 Rxd6 $15 {[%mdl 4096] Endgame KRB-KRN} 32. Bb3 Ne7 33. Ke4 Kf8 34. Ke5 Nf5 35. f4 (35. Rc5 $17) 35... Ke7 $19 36. Ke4 Rd4+ 37. Kf3 Rd3+ 38. Ke2 $2 {[#]} (38. Kf2 Kd6 39. Bc4) 38... Rxb3 $1 {[%mdl 512] Accuracy: White = 49%, Black = 74%.} 0-1

[Event "Moscow Open RSSU Cup 2019"]
[Site "Moscow"]
[Date "2019.01.27"]
[Round "2"]
[White "Karavade, Eesha"]
[Black "Khanin, Semen"]
[Result "0-1"]
[WhiteElo "2365"]
[BlackElo "2514"]
[Annotator "TA"]
[PlyCount "80"]
[EventDate "2019.01.26"]
[EventType "swiss"]
[EventCountry "RUS"]
[SourceTitle "playchess.com"]
[Source "ChessBase"]
[SourceQuality "1"]

{[%evp 20,80,22,0,49,-9,13,0,-6,-56,-26,-14,23,0,190,0,0,0,0,-54,-58,-66,0,-22,-22,-41,-44,-124,-129,-126,-126,-129,-125,-237,-223,-233,-237,-314,-331,-321,-315,-397,-397,-441,-447,-741,-711,-1338,-1338,-979,-653,-1656,-1446,-2094,-810,-1989,-1321,-29968,-29969,-29970,-29970,-29961,-12806]} 1. e4 e5 2. Nf3 Nc6 3. Bc4 Bc5 4. c3 Nf6 5. d4 exd4 6. e5 d5 7. Bb5 Ne4 8. cxd4 Bb6 9. Nc3 O-O 10. Be3 {C54: Giuoco Piano: 4 c3 Nf6, main lines with 5 d4 and 5 d3} f5 (10... Bg4 11. h3 Bh5 12. Qc2 Nxc3 13. bxc3 f6 14. exf6 Qxf6 15. Be2 Rae8 16. O-O Kh8 17. a4 Bg6 {1-0 (41) Jones,G (2682)-Jakovenko,D (2735) St Petersburg 2018}) 11. g3 {LiveBook: 6 Games} Be6 12. Qb3 $146 (12. O-O $14) ({Predecessor:} 12. h4 Qe7 13. a3 Nd8 14. Ng5 c6 15. Be2 Bd7 16. Na4 Nxg5 17. Bxg5 Qf7 18. Nxb6 axb6 {0-1 (58) Videnova,I (2304)-Djingarova,E (2349) Bankia 2011}) 12... Qe7 13. Bxc6 ({Inferior is} 13. Nxd5 Qd8 $17) 13... bxc6 14. O-O-O {[#]} f4 $1 {[%mdl 512]} 15. gxf4 (15. Bxf4 Nxf2) 15... Bg4 {And now ...Nxc3 would win.} 16. Ng5 Bxd1 $2 {[#]} (16... Nxg5 $1 $11 {and Black stays safe.} 17. fxg5 Bxd1 18. Rxd1 Rae8) 17. Rxd1 $2 ({Only move:} 17. Nxd5 $1 $18 Bxb3 18. Nxe7+ Kh8 19. axb3 Nxg5 20. fxg5) 17... Nxg5 $11 18. fxg5 Qe6 19. Na4 (19. Ne2 $11) 19... Rf3 $36 {[%mdl 2048] White is under pressure.} 20. Qc2 Re8 (20... Rh3 $15) 21. Kb1 Rh3 22. Rc1 Rxh2 23. Qxc6 (23. Nc5 $15 Qf7 24. a3) 23... Qxc6 $17 24. Rxc6 {[#]} Bxd4 $1 {[%mdl 512]} 25. Bxd4 {Strongly threatening Nc3.} Rh4 26. Bc3 (26. Bxa7 $17 {is a better defense.} Rxa4 27. Be3) 26... Rxa4 $19 27. Rxc7 {[%mdl 4096] Endgame KRR-KRB} Rg4 28. Rd7 Rxg5 29. Rxd5 h5 30. Rd3 Rf8 31. Bd4 Rd8 32. Kc2 (32. f4 $142 Rg4 33. Kc2) 32... Rg4 33. Bxa7 Rxd3 34. Kxd3 {KR-KB} Kf7 35. Ke3 h4 36. Kf3 h3 (36... Rg1 $142 37. Ke2 h3 38. e6+ Kxe6) 37. e6+ Kxe6 38. Bb8 Rg2 {Black mates.} 39. a4 g5 {[%cal Bg7g5,Bg5g4][%mdl 32]} 40. Bg3 {[#]} g4+ $1 {[%mdl 512] Precision: White =  9%, Black = 70%.} 0-1